|
|
|
|
| LEADER |
00828nam a2200265 4500 |
| 001 |
DLU200194599 |
| 005 |
##20200327 |
| 040 |
# |
# |
|a DLU
|b vie
|
| 041 |
# |
# |
|a vie
|
| 044 |
# |
# |
|a vn
|
| 100 |
# |
# |
|a Hoàng Oanh.
|
| 245 |
# |
# |
|a Quan hệ Mỹ - Trung - Nga theo góc nhìn tam giác chiến lược /
|c Hoàng Oanh, Trì Trung.
|
| 653 |
# |
# |
|a Lý thuyết quan hệ quốc tế
|
| 653 |
# |
# |
|a Quan hệ Mỹ - Trung - Nga
|
| 653 |
# |
# |
|a Tam giác chiến lược
|
| 700 |
# |
# |
|a Trì Trung.
|
| 773 |
# |
# |
|t Nghiên cứu quốc tế
|g Số 2(213), 2018, tr. 204-229
|
| 920 |
# |
# |
|a Phòng Tạp chí -- Trung tâm Thông tin - Thư viện Trường Đại học Đà Lạt
|
| 900 |
# |
# |
|a True
|
| 911 |
# |
# |
|a Nguyễn Thị Thu Phương
|
| 925 |
# |
# |
|a G
|
| 926 |
# |
# |
|a A
|
| 927 |
# |
# |
|a BB
|
| 980 |
# |
# |
|a Thư viện Trường Đại học Đà Lạt
|